| 000 | 00867nam a22002057a 4500 | ||
|---|---|---|---|
| 001 | EIF-V-2003-M2-005 | ||
| 003 | OSt | ||
| 005 | 20221110083148.0 | ||
| 008 | 221110b |||||||| |||| 00| 0 eng d | ||
| 040 |
_aFundación Jesús Pereda _cFundación Jesús Pereda |
||
| 041 | _aCastellano | ||
| 100 |
_uUniversidad de Santiago de Compostela _aRico Boquete, Eduardo _9344 |
||
| 111 |
_aEncuentro de Investigadores del Franquismo _c(Albacete. _d2003. _n5º) _997 |
||
| 245 |
_aEl papel de los consorcios de repoblación en los objetivos del patrimonio forestal del estado, _f1940-1975 _c/Eduardo Rico Boquete |
||
| 650 | 0 |
_9219 _aEconomía |
|
| 650 | 0 |
_9205 _aReglamentos |
|
| 773 | _tActas del V Encuentro de Investigadores del Franquismo | ||
| 856 | _uhttps://bibliotecaccoocyl.fundacionjesuspereda.es/cgi-bin/koha/opac-retrieve-file.pl?id=7d0812e1b8de783d8736e3699ac82636 | ||
| 942 |
_2ddc _cCF _n0 |
||
| 999 |
_c258 _d258 |
||